header

Guidelines for the elimination of residual foci of malaria transmission (Record no. 28825)

MARC details
000 -LEADER
fixed length control field 01441nam a2200313 a 4500
245 10 - TITLE STATEMENT
Title Guidelines for the elimination of residual foci of malaria transmission
260 ## - PUBLICATION, DISTRIBUTION, ETC. (IMPRINT)
Place of publication Cairo, Egypt :
Name of publisher World Health Organization, Regional Office for the Eastern Mediterranean,
Year of publication 2007.
300 ## - PHYSICAL DESCRIPTION
Number of Pages 47 p. :
Other physical details ill.
490 1# - SERIES STATEMENT
Series statement EMRO technical publications series,
650 #0 - SUBJECT ADDED ENTRY--TOPICAL TERM
Topical Term Malaria
Topical Term Malaria
Topical Term Medical geography.
856 40 - ELECTRONIC LOCATION AND ACCESS
Uniform Resource Identifier http://site.ebrary.com/lib/rucke/Doc?id=10227063

No items available.

© 2026 Rongo University
Contact us: librarian | system librarian | Rongo university